Statistics for Oscars - 2000s

Click here to take the quiz!

General Stats

  • This quiz has been taken 91 times
  • The average score is 25 of 40

Answer Stats

Answer% Correct
Best Actor2000Russell Crowe
79%
Best Actress2001Halle Berry
78%
Best Picture2000Gladiator
76%
Best Picture2005Crash
73%
Best Actor2007Daniel Day Lewis
73%
Best Actor2001Denzel Washington
71%
Best Actress2000Julia Roberts
71%
Best Director2006Martin Scorsese
71%
Best Actress2002Nicole Kidman
70%
Best Picture2002Chicago
69%
Best Actress2004Hilary Swank
69%
Best Picture2003Lord of the Rings: The Return of the King
69%
Best Actor2003Sean Penn
69%
Best Actor2008Sean Penn
69%
Best Picture2006The Departed
69%
Best Picture2004Million Dollar Baby
68%
Best Picture2009The Hurt Locker
68%
Best Actress2003Charlize Theron
64%
Best Picture2008Slumdog Millionaire
64%
Best Picture2007No Country for Old Men
63%
Best Director2003Peter Jackson
63%
Best Picture2001A Beautiful Mind
61%
Best Director2004Clint Eastwood
61%
Best Actress2009Sandra Bullock
60%
Best Actor2002Adrien Brody
59%
Best Actress2006Helen Mirren
59%
Best Actor2009Jeff Bridges
59%
Best Actress2008Kate Winslet
59%
Best Director2005Ang Lee
56%
Best Actor2006Forest Whitaker
56%
Best Director2009Katheryn Bigelow
55%
Best Actor2005Philip Seymour Hoffman
55%
Best Director2001Ron Howard
55%
Best Actress2007Marion Cotillard
53%
Best Actress2005Reese Witherspoon
53%
Best Director2008Danny Boyle
51%
Best Actor2004Jamie Foxx
51%
Best Director2007Coen Brothers
48%
Best Director2002Roman Polanski
44%
Best Director2000Steven Soderbergh
44%

Score Distribution

Percentile by Number Answered

Percent of People with Each Score

Your Score History

You have not taken this quiz